Music Quiz

Random Music or Album Quiz

Bruce Springsteen Songs (1973-1998) Quiz Stats

 Plays Quiz not verified by Sporcle

Challenge
Share
Tweet
Embed
Score 0/200 Timer 20:00
0 Plays Today
Album Song % Correct
Born to RunBorn To Run
93.6%
The RiverThe River
91.5%
Born In The U.S.A.Born In The U.S.A.
90.6%
Born to RunThunder Road
90.4%
Born to RunJungleland
89.8%
Darkness On the Edge Of TownDarkness On the Edge Of Town
89.5%
NebraskaNebraska
88%
The Wild, the Innocent and the E Street ShuffleRosalita (Come Out Tonight)
87.7%
Greetings From Asbury Park, N.J.Blinded By The Light
87.1%
Darkness On the Edge Of TownBadlands
87.1%
Born to RunTenth Avenue Freeze-Out
86.5%
Human TouchHuman Touch
86.3%
Tunnel of LoveTunnel of Love
86%
The Wild, the Innocent and the E Street ShuffleThe E Street Shuffle
85.4%
Born to RunBackstreets
85.1%
Born In The U.S.A.Dancing In The Dark
84.8%
Lucky TownLucky Town
84.8%
Born to RunNight
84.5%
Born In The U.S.A.Glory Days
83.9%
Born to RunShe's The One
83.6%
Born to RunMeeting Across The River
83.6%
The RiverHungry Heart
83.6%
NebraskaAtlantic City
83%
Born In The U.S.A.I'm On Fire
82.7%
Darkness On the Edge Of TownThe Promised Land
82.5%
Darkness On the Edge Of TownAdam Raised A Cain
82.2%
Born In The U.S.A.My Hometown
82.2%
Darkness On the Edge Of TownRacing In The Street
81.3%
Greetings From Asbury Park, N.J.Growin' Up
80.4%
Greetings From Asbury Park, N.J.Spirit In The Night
80.1%
Greetings From Asbury Park, N.J.For You
79.2%
NebraskaJohnny 99
79.2%
The Ghost of Tom JoadThe Ghost of Tom Joad
79.2%
Darkness On the Edge Of TownCandy's Room
78.7%
Darkness On the Edge Of TownFactory
78.7%
Darkness On the Edge Of TownProve It All Night
78.7%
Born In The U.S.A.Darlington County
78.4%
The Wild, the Innocent and the E Street ShuffleIncident On 57th Street
78.1%
Tunnel of LoveBrilliant Disguise
77.8%
The RiverThe Ties That Bind
77.5%
Born In The U.S.A.No Surrender
77.5%
The Wild, the Innocent and the E Street Shuffle4th Of July, Asbury Park (Sandy)
77.2%
The Wild, the Innocent and the E Street ShuffleKitty's Back
76.9%
The RiverCadillac Ranch
76.9%
Born In The U.S.A.Bobby Jean
76.9%
The RiverSherry Darling
76.6%
Greetings From Asbury Park, N.J.Lost In The Flood
76.3%
Greetings From Asbury Park, N.J.Does This Bus Stop At 82nd Street?
76%
The Wild, the Innocent and the E Street ShuffleNew York City Serenade
76%
Born In The U.S.A.Cover Me
75.7%
Greetings From Asbury Park, N.J.Mary Queen Of Arkansas
75.4%
Darkness On the Edge Of TownStreets Of Fire
75.4%
Born In The U.S.A.Working On the Highway
75.1%
The RiverIndependence Day
74.9%
The RiverOut In The Street
74.9%
Darkness On the Edge Of TownSomething In The Night
74.3%
Greetings From Asbury Park, N.J.It's Hard To Be A Saint In The City
74%
The RiverWreck On The Highway
73.7%
Born In The U.S.A.I'm Goin' Down
73.7%
NebraskaReason To Believe
73.4%
Greetings From Asbury Park, N.J.The Angel
73.1%
The Wild, the Innocent and the E Street ShuffleWild Billy's Circus Story
73.1%
The RiverJackson Cage
73.1%
The RiverI Wanna Marry You
73.1%
NebraskaHighway Patrolman
73.1%
The RiverTwo Hearts
72.8%
NebraskaMansion On The Hill
72.5%
Album Song % Correct
Born In The U.S.A.Downbound Train
72.5%
The RiverRamrod
71.6%
Greatest HitsStreets Of Philadelphia
71.3%
The RiverPoint Blank
71.1%
The RiverYou Can Look (But You Better Not Touch)
70.5%
The RiverStolen Car
70.5%
The RiverDrive All Night
70.5%
Greatest HitsMurder Incorporated
70.5%
Greatest HitsSecret Garden
70.2%
Tracks (cont.)Stolen Car
70.2%
The RiverI'm A Rocker
69.9%
Live/1975-1985Fire
69.6%
Live/1975-1985Because The Night
69.6%
NebraskaState Trooper
69.3%
The RiverCrush On You
69%
Tunnel of LoveTougher Than The Rest
68.7%
The Ghost of Tom JoadYoungstown
68.7%
Live/1975-1985Jersey Girl
67%
Greatest HitsThis Hard Land
66.7%
Tracks (cont.)This Hard Land
66.7%
Tunnel of LoveOne Step Up
66.1%
The RiverFade Away
65.5%
Tunnel of LoveSpare Parts
65.5%
Tunnel of LoveValentine's Day
65.5%
Tunnel of LoveAin't Got You
64.9%
Live/1975-1985War
64.3%
Lucky TownBetter Days
64.3%
The RiverThe Price You Pay
64%
NebraskaOpen All Night
64%
Human Touch57 Channels (And Nothin' On)
64%
Greatest HitsBlood Brothers
64%
NebraskaMy Father's House
63.7%
NebraskaUsed Cars
63.2%
Lucky TownIf I Should Fall Behind
61.1%
In Concert MTV PluggedRed Headed Woman
61.1%
Live/1975-1985Seeds
60.8%
TracksThundercrack
60.2%
Tunnel of LoveAll That Heaven Will Allow
59.9%
Tunnel of LoveWalk Like A Man
59.6%
Tunnel of LoveCautious Man
59.4%
Live/1975-1985Paradise By The 'C'
57.6%
Tunnel of LoveTwo Faces
57.6%
Human TouchPony Boy
57.3%
Tracks (continued)Pink Cadillac
57.3%
Chimes of FreedomBe True
57%
Lucky TownLiving Proof
57%
Tracks (continued)Brothers Under The Bridge
57%
TracksSeaside Bar Song
56.7%
Tracks (cont.)Be True
56.7%
Lucky TownThe Big Muddy
56.1%
TracksSanta Ana
56.1%
TracksZero And Blind Terry
55.6%
Human TouchRoll of the Dice
55%
Human TouchMan's Job
54.7%
Lucky TownLeap Of Faith
54.4%
In Concert MTV PluggedLight Of Day
53.8%
Lucky TownLocal Hero
53.5%
The Ghost of Tom JoadSinaloa Cowboys
53.5%
Tracks (cont.)My Love Will Not Let You Down
53.5%
Live/1975-1985Raise Your Hand
53.2%
Human TouchReal Man
52.9%
Lucky TownMy Beautiful Reward
52.6%
TracksRoulette
52.6%
Tracks (continued)Part Man, Part Monkey
52.6%
The Ghost of Tom JoadGalveston Bay
52.3%
Lucky TownSouls Of The Departed
51.8%
Human TouchGloria's Eyes
51.5%
Album Song % Correct
Human TouchI Wish I Were Blind
51.5%
Lucky TownBook Of Dreams
51.5%
TracksBishop Danced
51.2%
Human TouchReal World
50.9%
Tracks (cont.)Cynthia
50.9%
The Ghost of Tom JoadMy Best Was Never Good Enough
50.6%
The Ghost of Tom JoadAcross the Border
50.3%
Human TouchSoul Driver
49.7%
TracksWhere The Bands ARe
49.4%
Tunnel of LoveWhen You're Alone
49.1%
Tracks (continued)Janey Don't You Lose Heart
49.1%
TracksRendezvous
48.8%
TracksIceman
48.8%
Tracks (cont.)Johnny Bye-Bye
48.8%
TracksLoose Ends
48%
The Ghost of Tom JoadDry Lightning
47.7%
Tracks (cont.)Brothers Under The Bridges
47.7%
Tracks (cont.)Ricky Wants A Man Of Her Own
47.4%
TracksGive The Girl A Kiss
47.1%
Tracks (cont.)Shut Out The Light
46.8%
Tracks (cont.)Lion's Den
46.8%
Tracks (cont.)Car Wash
46.5%
The Ghost of Tom JoadThe Line
46.2%
The Ghost of Tom JoadHighway 29
45.9%
TracksLinda Let Me Be The One
45.6%
TracksDollhouse
45.6%
Human TouchAll or Nothin' At All
45.3%
TracksDon't Look Back
45.3%
TracksA Good Man Is Hard To Find
45.3%
Tracks (continued)Sad Eyes
45%
Tracks (cont.)Frankie
44.4%
The Ghost of Tom JoadStraight Time
44.2%
Tracks (continued)Happy
44.2%
Tracks (cont.)I Wanna Be With You
43.9%
Tracks (cont.)Mary Lou
43.9%
TracksSo Young And In Love
43.3%
The Ghost of Tom JoadBalboa Park
43%
Tracks (cont.)Rockaway The Days
43%
Tracks (cont.)Man At The Top
43%
Tracks (cont.)TV Movie
42.4%
Human TouchWith Every Wish
42.1%
TracksRestless Nights
42.1%
Tracks (continued)The Wish
41.8%
TracksHearts Of Stone
41.2%
Tracks (cont.)Take 'Em As They Come
41.2%
Tracks (cont.)Stand On It
40.9%
Tracks (continued)Goin' Cali
40.6%
TracksBring On The Night
40.4%
Tracks (continued)Seven Angels
40.1%
TracksLiving On The Edge Of The World
39.5%
Tracks (continued)Back In Your Arms
39.2%
Tracks (continued)Loose Change
38.9%
Human TouchCross My Heart
38.6%
The Ghost of Tom JoadThe New Timer
38.6%
Tracks (continued)The Honeymooners
38.3%
Tracks (continued)Leavin' Train
38.3%
Tracks (continued)My Lover Man
37.1%
Tracks (cont.)Wages OF Sin
36.5%
Tracks (continued)Lucky Man
36.3%
Tracks (continued)Trouble In Paradise
36.3%
Tracks (continued)Two For The Road
35.7%
Human TouchThe Long Goodbye
34.5%
Tracks (continued)Over The Rise
32.5%
Tracks (continued)When The Lights Go Out
32.2%
Tracks (continued)When You Need Me
30.7%
Tracks (continued)Gave It A Name
30.1%

You're not logged in!

Compare scores with friends on all Sporcle quizzes.
Join for Free
OR
Log In

You Might Also Like...

Show Comments

Extras

Top Quizzes Today


Score Distribution

Your Account Isn't Verified!

In order to create a playlist on Sporcle, you need to verify the email address you used during registration. Go to your Sporcle Settings to finish the process.

Report this User

Report this user for behavior that violates our Community Guidelines.

Details: